000
00366nam a2200133Ia 4500
008
230312s9999||||xx |||||||||||||| ||und||
082
_a
891.4
_b
NOR-A
100
_a
پروفیسر ڈاکٹر نورین عزیزقریشی
245
0
_a
اوراقِ تحقیق
260
_b
گورنمنٹ کالج
_a
pak
_c
2014
300
_a
150
650
_a
Literature
942
_c
BK
999
_c
14979
_d
14979